Non-Evolving Pokémon with Exceptions - Statistics

General Stats
  • This quiz has been taken 41 times
    14 since last reset
  • The average score is 72 of 88
Answer Stats
Region Number Answer % Correct
Kanto 0115 Kangaskhan
100%
0131 Lapras
100%
0235 Smeargle
100%
0359 Absol
91%
0142 Aerodactyl
91%
0594 Alomomola
91%
Unova 0531 Audino
91%
0626 Bouffalant
91%
0779 Bruxish
91%
0703 Carbink
91%
0351 Castform
91%
0702 Dedenne
91%
0781 Dhelmise
91%
0132 Ditto
91%
0587 Emolga
91%
Kalos 0676 Furfrou
91%
0314 Illumise
91%
0352 Kecleon
91%
0337 Lunatone
91%
0370 Luvdisc
91%
0556 Maractus
91%
0303 Mawile
91%
0241 Miltank
91%
0312 Minun
91%
Alola 0741 Oricorio
91%
Sinnoh 0417 Pachirisu
91%
0127 Pinsir
91%
0311 Plusle
91%
0771 Pyukumuku
91%
0369 Relicanth
91%
Hoenn 0302 Sableye
91%
0336 Seviper
91%
0338 Solrock
91%
0327 Spinda
91%
0442 Spiritomb
91%
0128 Tauros
91%
0324 Torkoal
91%
0357 Tropius
91%
0313 Volbeat
91%
0335 Zangoose
91%
0883 Arctovish
82%
0881 Arctozolt
82%
0455 Carnivine
82%
0615 Cryogonal
82%
0225 Delibird
82%
0882 Dracovish
82%
0880 Dracozolt
82%
0621 Druddigon
82%
0632 Durant
82%
0701 Hawlucha
82%
0631 Heatmor
82%
0214 Heracross
82%
0707 Klefki
82%
0774 Minior
82%
0877 Morpeko
82%
0765 Oranguru
82%
0766 Passimian
82%
0871 Pincurchin
82%
0539 Sawk
82%
0561 Sigilyph
82%
0227 Skarmory
82%
Paldea 0931 Squawkabilly
82%
0874 Stonjourner
82%
0538 Throh
82%
Johto 0201 Unown
82%
0441 Chatot
73%
0764 Comfey
73%
0780 Drampa
73%
0875 Eiscue
73%
0870 Falinks
73%
0775 Komala
73%
0778 Mimikyu
73%
0479 Rotom
73%
0213 Shuckle
73%
0777 Togedemaru
73%
0776 Turtonator
73%
0746 Wishiwashi
73%
0876 Indeedee
64%
0618 Stunfisk
64%
0962 Bombirdier
55%
0977 Dondozo
55%
0973 Flamigo
55%
0950 Klawf
55%
0968 Orthworm
55%
0978 Tatsugiri
55%
Galar 0845 Cramorant
45%
0976 Veluza
45%
0967 Cyclizar
36%
No matching quizzes found
Score Distribution
Percent of People with Each Score
Percentile by Number Answered
Your Score History
You have not taken this quiz since the last reset